000
00257nam a2200097Ia 4500
001
1250268
005
20251031150853.0
008
251031s9999 xx 000 0 und d
245
0
_c
AHMET ÜMİT
_a
A-4 BİR SES BÖLER GECEYİ
260
_b
YAPI KREDİ YAYINLARI
999
_c
1250268
_d
1250268